[Event "Titled Tuesday intern op 13th Feb Late"]
[Site "Chess.com INT"]
[Date "2024.02.13"]
[Round "1"]
[White "Argandona Riveiro, Inigo"]
[Black "Fier, Alexandr"]
[Result "0-1"]
[WhiteElo "2335"]
[BlackElo "2553"]
[PlyCount "78"]
[EventDate "2024.02.13"]
[EventType "swiss (blitz)"]
[EventRounds "11"]
[EventCountry "USA"]
[SourceTitle "CB08_2024"]
[SourceDate "2024.02.21"]
[SourceVersion "1"]
[SourceVersionDate "2024.02.21"]
[SourceQuality "1"]

1. Nf3 Nf6 2. c4 g6 3. Nc3 Bg7 4. e4 0-0 5. d4 d6 6. Be3 Bg4 7. Qb3 Qc8 8. Be2 Bxf3 9. gxf3 Nfd7 10. f4 c5 11. d5 a6 12. a4 e6 13. h4 exd5 14. cxd5 Re8 15. h5 Nf6 16. hxg6 hxg6 17. e5 dxe5 18. fxe5 Rxe5 19. 0-0-0 Rxe3 20. fxe3 Nbd7 21. e4 Ne5 22. Rdf1 c4 23. Qb6 Nfd7 24. Qe3 b5 25. Qh3 b4 26. Nd1 Nd3+ 27. Bxd3 cxd3+ 28. Kb1 Qc2+ 29. Ka1 Qxa4+ 30. Kb1 Qc2+ 31. Ka1 Rc8 32. Qh7+ Kf8 33. Rxf7+ Kxf7 34. Rf1+ Nf6 35. Ne3 Qe2 36. Rxf6+ Kxf6 37. Qh4+ Kf7 38. Qf4+ Kg8 39. Ng4 Qxb2# 0-1

[Event "Titled Tuesday intern op 13th Feb Late"]
[Site "Chess.com INT"]
[Date "2024.02.13"]
[Round "2"]
[White "Argandona Riveiro, Inigo"]
[Black "Hakobyan, Aram"]
[Result "0-1"]
[WhiteElo "2335"]
[BlackElo "2619"]
[PlyCount "110"]
[EventDate "2024.02.13"]
[EventType "swiss (blitz)"]
[EventRounds "11"]
[EventCountry "USA"]
[SourceTitle "CB08_2024"]
[SourceDate "2024.02.21"]
[SourceVersion "1"]
[SourceVersionDate "2024.02.21"]
[SourceQuality "1"]

1. Nf3 Nf6 2. c4 g6 3. Nc3 Bg7 4. e4 d6 5. d4 0-0 6. Be3 Nbd7 7. Nd2 c5 8. d5 a6 9. a4 e6 10. Be2 e5 11. g4 b6 12. h4 Ra7 13. h5 Ne8 14. h6 Bf6 15. Nf3 Nb8 16. g5 Be7 17. Rg1 Kh8 18. Nh2 f5 19. gxf6 Nxf6 20. Ng4 Nxg4 21. Bxg4 Bg5 22. Qd2 Bxe3 23. Qxe3 Bxg4 24. Rxg4 Raf7 25. Ke2 Nd7 26. Rag1 Nf6 27. Rg5 Nh5 28. Rxh5 gxh5 29. Qg3 Qf6 30. Nd1 Qxh6 31. Ne3 Rxf2+ 32. Qxf2 Rxf2+ 33. Kxf2 Qf4+ 34. Ke2 Qxe4 35. b3 h4 36. Rg4 Qh1 37. Nf5 Qh2+ 38. Ke1 Qh3 39. Rg5 Qh1+ 40. Ke2 Qe4+ 41. Kd1 Qb1+ 42. Kd2 Qb2+ 43. Kd1 Qxb3+ 44. Ke2 Qxc4+ 45. Kd1 Qxd5+ 46. Kc2 Qa2+ 47. Kd1 Qxa4+ 48. Ke2 Qc4+ 49. Kd1 Qd3+ 50. Kc1 Qf1+ 51. Kc2 Qf2+ 52. Kd1 Qf3+ 53. Kc2 Qe4+ 54. Kd1 Qf4 55. Nh6 Qf8 0-1

[Event "Sueca op 7th"]
[Site "Sueca"]
[Date "2023.08.11"]
[Round "6"]
[White "Chernikov, Vladimir"]
[Black "Argandona Riveiro, Inigo"]
[Result "1-0"]
[WhiteElo "2225"]
[BlackElo "2344"]
[PlyCount "113"]
[EventDate "2023.08.07"]
[EventType "swiss"]
[EventRounds "9"]
[EventCountry "ESP"]
[SourceTitle "CBM 215 Extra"]
[Source "ChessBase"]
[SourceDate "2023.09.30"]
[SourceVersion "1"]
[SourceVersionDate "2023.09.30"]
[SourceQuality "1"]

1. d4 Nf6 2. Nf3 d6 3. b3 g6 4. Bb2 Bg7 5. e3 0-0 6. Be2 Nbd7 7. 0-0 Re8 8. c4 c6 9. Nc3 e5 10. dxe5 dxe5 11. b4 e4 12. Nd2 Qe7 13. c5 b6 14. Nc4 bxc5 15. b5 cxb5 16. Nxb5 Nb6 17. Na5 a6 18. Nd6 Rd8 19. Nc6 Qxd6 20. Nxd8 Qc7 21. Rb1 Nfd5 22. Bxg7 Kxg7 23. Qd2 Bf5 24. g4 Bxg4 25. Bxg4 Rxd8 26. Rfd1 Nc4 27. Qc2 Nf6 28. Be2 Na3 29. Qc3 Nxb1 30. Rxb1 Qd6 31. Rd1 Qb6 32. Rxd8 Qxd8 33. Bxa6 Qb6 34. Bf1 Qb4 35. Qa1 Qa3 36. h3 h6 37. Bg2 c4 38. Bxe4 c3 39. Bc2 Nd5 40. Bb3 Qb2 41. Qd1 Nf6 42. a4 Kh7 43. Qc2 Nd5 44. Qxb2 cxb2 45. Bc2 Nb4 46. Bb1 Nc6 47. Kf1 Na5 48. Ke2 Nc4 49. Kd3 Na3 50. Ba2 b1Q+ 51. Bxb1 Nxb1 52. Kc2 Na3+ 53. Kb3 Nb1 54. a5 Nd2+ 55. Kb4 Nf3 56. a6 Ne5 57. Kb5 1-0

[Event "Sueca op 7th"]
[Site "Sueca"]
[Date "2023.08.10"]
[Round "5"]
[White "Argandona Riveiro, Inigo"]
[Black "Renteria Becerra, Jorge Elicer"]
[Result "1/2-1/2"]
[WhiteElo "2344"]
[BlackElo "2210"]
[PlyCount "63"]
[EventDate "2023.08.07"]
[EventType "swiss"]
[EventRounds "9"]
[EventCountry "ESP"]
[SourceTitle "CBM 215 Extra"]
[Source "ChessBase"]
[SourceDate "2023.09.30"]
[SourceVersion "1"]
[SourceVersionDate "2023.09.30"]
[SourceQuality "1"]

1. c4 e5 2. Nc3 Nf6 3. g3 d5 4. cxd5 Nxd5 5. Bg2 Nb6 6. e3 Nc6 7. Nge2 Be7 8. 0-0 0-0 9. f4 exf4 10. Nxf4 Ne5 11. d4 Ng6 12. a4 a5 13. e4 c5 14. Nfd5 Nxd5 15. Nxd5 cxd4 16. Qxd4 Be6 17. Be3 Bxd5 18. exd5 Bd6 19. Rac1 Re8 20. Qb6 Qxb6 21. Bxb6 Ne7 22. Rfe1 Kf8 23. Kf1 Nc8 24. Bxa5 Rxa5 25. Rxe8+ Kxe8 26. Rxc8+ Kd7 27. Rg8 g6 28. b3 b5 29. Rg7 Ke7 30. Rxh7 bxa4 31. bxa4 Rxa4 32. Bf3 1/2-1/2

[Event "Titled Tuesday intern op 01st Aug Late"]
[Site "Chess.com INT"]
[Date "2023.08.01"]
[Round "1"]
[White "Argandona Riveiro, Inigo"]
[Black "Principe, Gerson"]
[Result "1-0"]
[WhiteElo "2344"]
[BlackElo "2213"]
[PlyCount "59"]
[EventDate "2023.08.01"]
[EventType "swiss (blitz)"]
[EventRounds "11"]
[EventCountry "USA"]
[SourceTitle "EXT 2024"]
[Source "ChessBase"]
[SourceDate "2023.10.10"]
[SourceVersion "1"]
[SourceVersionDate "2023.10.10"]
[SourceQuality "1"]

1. Nf3 Nf6 2. c4 e6 3. g3 b6 4. Bg2 Bb7 5. 0-0 Be7 6. Nc3 0-0 7. Re1 d5 8. cxd5 exd5 9. d4 Nbd7 10. Bf4 c5 11. Rc1 a6 12. e3 Ne4 13. h4 Re8 14. Ne5 Nxe5 15. dxe5 Nxc3 16. bxc3 Qd7 17. e4 d4 18. cxd4 cxd4 19. e6 Qxe6 20. Rc7 Bc6 21. Qxd4 Bc5 22. Qb2 Rad8 23. h5 h6 24. Kh2 Bd4 25. Qc2 Bd7 26. Rd1 Bc5 27. Rcxd7 Rxd7 28. Bh3 Rxd1 29. Bxe6 Rf1 30. Bxf7+ 1-0

[Event "Titled Tuesday intern op 01st Aug Late"]
[Site "Chess.com INT"]
[Date "2023.08.01"]
[Round "3"]
[White "Pakleza, Zbigniew"]
[Black "Argandona Riveiro, Inigo"]
[Result "1-0"]
[WhiteElo "2482"]
[BlackElo "2344"]
[PlyCount "109"]
[EventDate "2023.08.01"]
[EventType "swiss (blitz)"]
[EventRounds "11"]
[EventCountry "USA"]
[SourceTitle "EXT 2024"]
[Source "ChessBase"]
[SourceDate "2023.10.10"]
[SourceVersion "1"]
[SourceVersionDate "2023.10.10"]
[SourceQuality "1"]

1. d4 d6 2. Nf3 Nf6 3. Bf4 Nbd7 4. e3 g6 5. h3 Bg7 6. Be2 0-0 7. 0-0 Re8 8. c4 a5 9. Nc3 b6 10. Rc1 Bb7 11. Bh2 e5 12. a3 e4 13. Nd2 h5 14. b4 axb4 15. axb4 Nf8 16. Nb5 Ne6 17. Re1 Bf8 18. Bf1 c6 19. Nc3 c5 20. bxc5 bxc5 21. d5 Nc7 22. Rb1 Bc8 23. Qc2 Nd7 24. Ndxe4 Ra6 25. Ra1 Nf6 26. Nxf6+ Qxf6 27. e4 Bg7 28. Rxa6 Nxa6 29. Nb5 Nb4 30. Qb1 Re5 31. Bxe5 Qxe5 32. Qb3 Kh7 33. Qg3 Qxg3 34. fxg3 Be5 35. Ra1 Bxa1 36. Nxd6 Bd7 37. Nxf7 Kg7 38. Ng5 Be5 39. Kf2 Nc2 40. Nf3 Bd4+ 41. Ke2 Be8 42. Kd2 Na1 43. Nxd4 cxd4 44. Kd3 Nb3 45. e5 Kf7 46. Be2 Ke7 47. Bd1 Ba4 48. Bxb3 Bxb3 49. Kxd4 Bd1 50. c5 Be2 51. c6 Bf1 52. d6+ Kd8 53. e6 Bxg2 54. Kc5 Bxh3 55. e7+ 1-0

[Event "Titled Tuesday intern op 04th Jul Late"]
[Site "Chess.com INT"]
[Date "2023.07.04"]
[Round "4"]
[White "Argandona Riveiro, Inigo"]
[Black "Ambartsumova, Karina"]
[Result "0-1"]
[WhiteElo "2344"]
[BlackElo "2393"]
[PlyCount "228"]
[EventDate "2023.07.04"]
[EventType "swiss (blitz)"]
[EventRounds "11"]
[EventCountry "USA"]
[SourceTitle "EXT 2024"]
[Source "ChessBase"]
[SourceDate "2023.10.10"]
[SourceVersion "1"]
[SourceVersionDate "2023.10.10"]
[SourceQuality "1"]

1. Nf3 Nf6 2. c4 e6 3. g3 d5 4. Bg2 dxc4 5. Qa4+ c6 6. Qxc4 b5 7. Qb3 Bb7 8. a4 a6 9. 0-0 Nbd7 10. d4 Be7 11. Bf4 0-0 12. Rc1 c5 13. axb5 Bd5 14. Qd1 axb5 15. Rxa8 Qxa8 16. Nc3 Bc6 17. dxc5 Bxc5 18. Qb3 b4 19. Nd1 Bd5 20. Qd3 Rc8 21. Ne1 Bxg2 22. Nxg2 Nd5 23. e4 Nxf4 24. Nxf4 Ne5 25. Qb1 Bd4 26. Rxc8+ Qxc8 27. Nd3 Nf3+ 28. Kg2 Nd2 29. Qc1 Qxc1 30. Nxc1 Nxe4 31. Nd3 b3 32. Nc1 Nc5 33. Kf3 f5 34. Ke2 Kf7 35. Nd3 Na4 36. Nc1 Nxb2 37. Nxb3 Nxd1 38. Nxd4 Nc3+ 39. Kf3 Ne4 40. Kg2 Kf6 41. f4 h6 42. h4 Ke7 43. Kf3 Nf6 44. Nc6+ Kd6 45. Ne5 Nd7 46. Nd3 Kd5 47. Ke3 Nc5 48. Nb4+ Kd6 49. Nc2 Ne4 50. Kf3 Kd5 51. Ne3+ Kd4 52. g4 Nd6 53. g5 h5 54. Nf1 g6 55. Nd2 e5 56. Nb3+ Kd5 57. fxe5 Kxe5 58. Nc5 Ne4 59. Nd7+ Ke6 60. Nf8+ Kf7 61. Nd7 Nd6 62. Ne5+ Kg7 63. Kf4 Nf7 64. Nd7 Nd8 65. Nc5 Nc6 66. Ne6+ Kf7 67. Nc7 Nd8 68. Nd5 Ne6+ 69. Kf3 Nd4+ 70. Kf4 Ne2+ 71. Ke5 Ng3 72. Kf4 Ne4 73. Ke5 Nc5 74. Kf4 Nd3+ 75. Ke3 Ne5 76. Kf4 Ng4 77. Nc7 Ke7 78. Nd5+ Kd6 79. Nc3 Nf2 80. Nb5+ Ke7 81. Nc3 Nd3+ 82. Ke3 Ne5 83. Kf4 Nf7 84. Nd5+ Ke6 85. Nc7+ Kd7 86. Nd5 Kd6 87. Nc3 Nd8 88. Nb5+ Kd5 89. Nc3+ Kd4 90. Nb5+ Kc5 91. Nc3 Kc4 92. Ne2 Kd3 93. Ng3 Kd4 94. Nxh5 Ne6+ 95. Kf3 gxh5 96. g6 Ke5 97. Ke3 Ng7 98. Kf3 Kf6 99. Kf4 Kxg6 100. Ke5 Ne8 101. Kf4 Nf6 102. Ke5 Ng4+ 103. Kf4 Kf6 104. Kf3 Ke5 105. Kg3 f4+ 106. Kf3 Kf5 107. Kg2 Ke4 108. Kh3 f3 109. Kg3 Ke3 110. Kh3 Ne5 111. Kg3 f2 112. Kg2 Ke2 113. Kg3 f1Q 114. Kh2 Qf4+ 0-1

[Event "Titled Tuesday intern op 20th Jun Early"]
[Site "Chess.com INT"]
[Date "2023.06.20"]
[Round "8"]
[White "Larina, Marija"]
[Black "Argandona Riveiro, Inigo"]
[Result "1-0"]
[WhiteElo "1948"]
[BlackElo "2344"]
[PlyCount "69"]
[EventDate "2023.06.20"]
[EventType "swiss (blitz)"]
[EventRounds "11"]
[EventCountry "USA"]
[SourceTitle "EXT 2024"]
[Source "ChessBase"]
[SourceDate "2023.10.10"]
[SourceVersion "1"]
[SourceVersionDate "2023.10.10"]
[SourceQuality "1"]

1. e4 d6 2. d4 Nf6 3. Nc3 e5 4. f3 Be7 5. Be3 0-0 6. Qd2 c6 7. 0-0-0 Nbd7 8. g4 b5 9. h4 Qa5 10. Kb1 b4 11. Nce2 d5 12. g5 Nh5 13. f4 exf4 14. Nxf4 Ng3 15. Qg2 Nxe4 16. Nge2 Rb8 17. Nc1 Nb6 18. Ka1 Na4 19. Bd2 Nac3 20. bxc3 Nxc3 21. Bxc3 bxc3 22. Nb3 Rxb3 23. cxb3 Ba3 24. Qc2 Bb2+ 25. Kb1 Qa3 26. Bd3 g6 27. h5 Bg4 28. Rdf1 Re8 29. hxg6 fxg6 30. Bxg6 Bc1 31. Bxh7+ Kf8 32. Nh5+ Ke7 33. Re1+ Kd6 34. Qg6+ Kc7 35. Qc2 1-0

[Event "Titled Tuesday intern op 13th Jun Early"]
[Site "Chess.com INT"]
[Date "2023.06.13"]
[Round "1"]
[White "Argandona Riveiro, Inigo"]
[Black "Kozak, Antoni"]
[Result "0-1"]
[WhiteElo "2344"]
[BlackElo "2422"]
[PlyCount "82"]
[EventDate "2023.06.13"]
[EventType "swiss (blitz)"]
[EventRounds "11"]
[EventCountry "USA"]
[SourceTitle "EXT 2024"]
[Source "ChessBase"]
[SourceDate "2023.10.10"]
[SourceVersion "1"]
[SourceVersionDate "2023.10.10"]
[SourceQuality "1"]

1. Nf3 g6 2. c4 b6 3. Nc3 Bb7 4. e4 Bg7 5. d4 e6 6. h4 h6 7. a4 Ne7 8. a5 a6 9. axb6 cxb6 10. Be3 d6 11. Qd2 Nd7 12. d5 Bxc3 13. Qxc3 e5 14. b4 Nf6 15. Bd3 Ng4 16. Bd2 0-0 17. h5 g5 18. c5 bxc5 19. bxc5 dxc5 20. Qxc5 Qd7 21. Bb4 Rfe8 22. Qd6 Qxd6 23. Bxd6 Nxd5 24. exd5 e4 25. Be2 exf3 26. gxf3 Bxd5 27. 0-0 Rxe2 28. fxg4 Bf3 29. Ra4 Rae8 30. Kh2 R2e4 31. Rxe4 Rxe4 32. Kg3 Bxg4 33. f3 Re6 34. fxg4 Rxd6 35. Ra1 Kf8 36. Ra5 Ke7 37. Kf3 Re6 38. Rf5 Rf6 39. Rxf6 Kxf6 40. Ke4 Ke6 41. Kd4 f5 0-1

[Event "Titled Tuesday intern op 13th Jun Late"]
[Site "Chess.com INT"]
[Date "2023.06.13"]
[Round "4"]
[White "Ferriz Barrios, Andres"]
[Black "Argandona Riveiro, Inigo"]
[Result "0-1"]
[WhiteElo "2102"]
[BlackElo "2344"]
[PlyCount "74"]
[EventDate "2023.06.13"]
[EventType "swiss (blitz)"]
[EventRounds "11"]
[EventCountry "USA"]
[SourceTitle "EXT 2024"]
[Source "ChessBase"]
[SourceDate "2023.10.10"]
[SourceVersion "1"]
[SourceVersionDate "2023.10.10"]
[SourceQuality "1"]

1. g3 d6 2. Bg2 Nf6 3. Nf3 e5 4. 0-0 Be7 5. d3 h5 6. e4 Nc6 7. h4 Ng4 8. c3 Be6 9. d4 exd4 10. cxd4 Bc4 11. Re1 Ba6 12. a3 Qd7 13. b4 b6 14. Bb2 Bb7 15. Nbd2 0-0-0 16. Rc1 Bf6 17. Nc4 Kb8 18. b5 Ne7 19. Qb3 Ng6 20. d5 N6e5 21. Nfxe5 Nxe5 22. Nxe5 Bxe5 23. Bxe5 dxe5 24. a4 g5 25. hxg5 h4 26. f4 hxg3 27. f5 Rdg8 28. Qxg3 Qe7 29. f6 Qxf6 30. gxf6 Rxg3 31. Kf2 Rg6 32. Rh1 Rhg8 33. Bf3 Rxf6 34. Rh7 Bc8 35. Ke3 Rg3 36. Rf1 Bg4 37. Rh8+ Kb7 0-1

[Event "Titled Tuesday intern op 13th Jun Early"]
[Site "Chess.com INT"]
[Date "2023.06.13"]
[Round "3"]
[White "Fiorito, Joaquin"]
[Black "Argandona Riveiro, Inigo"]
[Result "1-0"]
[WhiteElo "2409"]
[BlackElo "2344"]
[PlyCount "69"]
[EventDate "2023.06.13"]
[EventType "swiss (blitz)"]
[EventRounds "11"]
[EventCountry "USA"]
[SourceTitle "EXT 2024"]
[Source "ChessBase"]
[SourceDate "2023.10.10"]
[SourceVersion "1"]
[SourceVersionDate "2023.10.10"]
[SourceQuality "1"]

1. d4 d6 2. e4 Nf6 3. Nc3 e5 4. Nf3 Nbd7 5. Bc4 Be7 6. 0-0 0-0 7. Re1 c6 8. a4 b6 9. h3 a6 10. b3 Bb7 11. d5 b5 12. dxc6 Bxc6 13. axb5 axb5 14. Rxa8 Qxa8 15. Bxb5 Bxb5 16. Nxb5 Nxe4 17. Be3 Nef6 18. c4 Qc6 19. Bd2 Ra8 20. Bb4 Nc5 21. Qc2 Bf8 22. Rd1 Nfe4 23. Nc3 Nxc3 24. Bxc3 Ne4 25. Ba1 f6 26. b4 d5 27. c5 d4 28. Qb3+ Kh8 29. Bb2 Rb8 30. Qc2 Rxb4 31. Ba3 Rb5 32. Rc1 Bxc5 33. Qa4 h6 34. Nh4 Kh7 35. Qc2 1-0

[Event "Titled Tuesday intern op 13th Jun Early"]
[Site "Chess.com INT"]
[Date "2023.06.13"]
[Round "6"]
[White "Putri, Regita Desyari"]
[Black "Argandona Riveiro, Inigo"]
[Result "1/2-1/2"]
[WhiteElo "1863"]
[BlackElo "2344"]
[PlyCount "97"]
[EventDate "2023.06.13"]
[EventType "swiss (blitz)"]
[EventRounds "11"]
[EventCountry "USA"]
[SourceTitle "EXT 2024"]
[Source "ChessBase"]
[SourceDate "2023.10.10"]
[SourceVersion "1"]
[SourceVersionDate "2023.10.10"]
[SourceQuality "1"]

1. d4 d6 2. c4 Nf6 3. Nf3 Nbd7 4. g3 e5 5. Bg2 Be7 6. 0-0 0-0 7. Nc3 Re8 8. e4 exd4 9. Nxd4 Bf8 10. h3 Nc5 11. Re1 a5 12. b3 c6 13. Bb2 g6 14. a3 Bg7 15. b4 axb4 16. axb4 Rxa1 17. Bxa1 Na6 18. b5 Nb4 19. bxc6 bxc6 20. Qa4 Bd7 21. Qxb4 c5 22. Qb7 cxd4 23. Nb5 Bxb5 24. cxb5 Nd7 25. Rd1 Nc5 26. Qc6 d3 27. Bxg7 Kxg7 28. b6 Re7 29. f4 Rb7 30. Rb1 d2 31. Qd5 Rxb6 32. Qd4+ f6 33. Rd1 Nb3 34. Qd5 Qc7 35. Kh2 Qc1 36. Bf3 Qc5 37. Qe6 Rb7 38. Bg2 Rc7 39. Qxb3 Qc1 40. Bf3 h5 41. Qd3 Rc3 42. Qxd6 Rxf3 43. Qe7+ Kh6 44. Kg2 Qxd1 45. Qf8+ Kh7 46. Qf7+ Kh6 47. Qf8+ Kh7 48. Qf7+ Kh6 49. Qf8+ 1/2-1/2

[Event "Titled Tuesday intern op 13th Jun Early"]
[Site "Chess.com INT"]
[Date "2023.06.13"]
[Round "4"]
[White "Sanchez, Roberto Daniel"]
[Black "Argandona Riveiro, Inigo"]
[Result "1/2-1/2"]
[WhiteElo "1966"]
[BlackElo "2344"]
[PlyCount "117"]
[EventDate "2023.06.13"]
[EventType "swiss (blitz)"]
[EventRounds "11"]
[EventCountry "USA"]
[SourceTitle "EXT 2024"]
[Source "ChessBase"]
[SourceDate "2023.10.10"]
[SourceVersion "1"]
[SourceVersionDate "2023.10.10"]
[SourceQuality "1"]

1. e4 d6 2. d4 Nf6 3. Nc3 e5 4. Nf3 Nbd7 5. Bc4 Be7 6. 0-0 0-0 7. a4 c6 8. h3 b6 9. Re1 a6 10. Bb3 Bb7 11. Be3 b5 12. d5 cxd5 13. Bxd5 Nxd5 14. Nxd5 Nf6 15. axb5 Nxd5 16. exd5 axb5 17. Qd3 Qd7 18. b3 f5 19. Nh2 Bf6 20. Rxa8 Rxa8 21. c4 bxc4 22. bxc4 e4 23. Qc2 Qa4 24. Qb1 Ba6 25. Qb6 Be5 26. f4 exf3 27. Nxf3 Qxc4 28. Nxe5 dxe5 29. Qe6+ Kh8 30. Qxe5 Bb7 31. Bh6 Qc5+ 32. Kh2 Qf8 33. d6 Bc8 34. Rc1 Bd7 35. Rc7 Rd8 36. Bg5 Re8 37. Qc3 Qxd6+ 38. Kg1 h6 39. Bxh6 Qb6+ 40. Kh2 Qxh6 41. Rxd7 Qf4+ 42. Kg1 Qe3+ 43. Qxe3 Rxe3 44. Rf7 Re5 45. Kf2 Kg8 46. Ra7 Kh7 47. Kf3 Kg6 48. Ra6+ Kg5 49. g3 Rb5 50. h4+ Kh5 51. Ra7 Rb3+ 52. Kf4 Rb4+ 53. Kxf5 g6+ 54. Kf6 Rb6+ 55. Kg7 Kg4 56. Ra5 Kxg3 57. Rg5+ Kxh4 58. Rxg6 Rxg6+ 59. Kxg6 1/2-1/2

[Event "Titled Tuesday intern op 06th Jun Late"]
[Site "Chess.com INT"]
[Date "2023.06.06"]
[Round "3"]
[White "Argandona Riveiro, Inigo"]
[Black "Osmonbekov, Talaibek D"]
[Result "1-0"]
[WhiteElo "2344"]
[BlackElo "2137"]
[PlyCount "115"]
[EventDate "2023.06.06"]
[EventType "swiss (blitz)"]
[EventRounds "11"]
[EventCountry "USA"]
[SourceTitle "EXT 2024"]
[Source "ChessBase"]
[SourceDate "2023.10.10"]
[SourceVersion "1"]
[SourceVersionDate "2023.10.10"]
[SourceQuality "1"]

1. Nf3 f5 2. c4 Nf6 3. g3 d6 4. d4 e6 5. Bg2 Be7 6. 0-0 0-0 7. Nc3 Ne4 8. Qc2 Nxc3 9. bxc3 Nc6 10. e4 e5 11. dxe5 dxe5 12. Rd1 Qe8 13. c5 Bxc5 14. Rd5 Bd6 15. exf5 Bxf5 16. Qb3 Be6 17. Ng5 Bxd5 18. Bxd5+ Kh8 19. Nf7+ Rxf7 20. Bxf7 Qd7 21. Be6 Qe7 22. Bd5 Na5 23. Qd1 Bc5 24. Be4 Rf8 25. Be3 Bxe3 26. fxe3 g6 27. Qd5 b6 28. Rf1 Rxf1+ 29. Kxf1 Kg7 30. h4 Qf7+ 31. Ke2 Qxd5 32. Bxd5 c6 33. Be4 Kf6 34. Kd3 Ke6 35. h5 Kf6 36. hxg6 hxg6 37. Bg2 g5 38. Be4 Ke6 39. g4 Kd6 40. Bf3 Nb7 41. Ke4 Ke6 42. Kd3 Nc5+ 43. Kc4 Kd6 44. Bd1 a5 45. a4 Nxa4 46. Bxa4 b5+ 47. Bxb5 cxb5+ 48. Kxb5 Kd5 49. c4+ Ke4 50. c5 Kxe3 51. c6 Kf2 52. c7 e4 53. c8Q e3 54. Qf5+ Kg2 55. Qxg5 e2 56. Qe3 Kf1 57. Qxe2+ Kxe2 58. Kxa5 1-0

[Event "Titled Tuesday intern op 06th Jun Late"]
[Site "Chess.com INT"]
[Date "2023.06.06"]
[Round "6"]
[White "Ibadov, Dashgyn"]
[Black "Argandona Riveiro, Inigo"]
[Result "1-0"]
[WhiteElo "2391"]
[BlackElo "2344"]
[PlyCount "107"]
[EventDate "2023.06.06"]
[EventType "swiss (blitz)"]
[EventRounds "11"]
[EventCountry "USA"]
[SourceTitle "EXT 2024"]
[Source "ChessBase"]
[SourceDate "2023.10.10"]
[SourceVersion "1"]
[SourceVersionDate "2023.10.10"]
[SourceQuality "1"]

1. e4 d6 2. d4 Nf6 3. Nc3 e5 4. Nf3 Nbd7 5. a4 Be7 6. Bc4 0-0 7. 0-0 c6 8. h3 b6 9. Re1 a6 10. d5 c5 11. Bf1 Kh8 12. Nd2 Ng8 13. Nc4 g6 14. f4 Rb8 15. fxe5 Nxe5 16. Nxe5 dxe5 17. Be3 Bg5 18. Bf2 Nf6 19. a5 Ne8 20. axb6 Qxb6 21. Na4 Qd8 22. Nxc5 Rxb2 23. Nb3 Qc7 24. Bd3 Nd6 25. Ra4 f5 26. exf5 e4 27. Bd4+ Bf6 28. Bxb2 Bxb2 29. Bxe4 Nxe4 30. Raxe4 Bxf5 31. Re7 Qg3 32. R7e3 Qg5 33. Nd4 Qh4 34. Nxf5 Rxf5 35. Re4 Qf2+ 36. Kh1 Rg5 37. Rg1 Be5 38. Rxe5 Rxe5 39. d6 Qh4 40. Qa1 Qf6 41. d7 Kg7 42. d8Q Qxd8 43. Qxe5+ Kh6 44. Qf4+ Kg7 45. Re1 g5 46. Qe5+ Kh6 47. Qe6+ Kh5 48. Qg4+ Kg6 49. Re6+ Kf7 50. Qf5+ Kg7 51. Qe5+ Kf7 52. Rd6 Qc8 53. Qf6+ Ke8 54. Re6+ 1-0

[Event "Titled Tuesday intern op 06th Jun Late"]
[Site "Chess.com INT"]
[Date "2023.06.06"]
[Round "11"]
[White "Janaszak, Dawid"]
[Black "Argandona Riveiro, Inigo"]
[Result "0-1"]
[WhiteElo "2316"]
[BlackElo "2344"]
[PlyCount "58"]
[EventDate "2023.06.06"]
[EventType "swiss (blitz)"]
[EventRounds "11"]
[EventCountry "USA"]
[SourceTitle "EXT 2024"]
[Source "ChessBase"]
[SourceDate "2023.10.10"]
[SourceVersion "1"]
[SourceVersionDate "2023.10.10"]
[SourceQuality "1"]

1. d4 d6 2. e4 Nf6 3. Nc3 e5 4. Nge2 exd4 5. Nxd4 Be7 6. g3 0-0 7. Bg2 Re8 8. 0-0 Nbd7 9. h3 Bf8 10. g4 Nc5 11. Re1 a5 12. g5 Nfd7 13. f4 c6 14. a4 Qb6 15. Kh1 Qc7 16. h4 Nb6 17. h5 Qd7 18. f5 d5 19. e5 Ne4 20. Bf4 Nf2+ 21. Kh2 Nxd1 22. Raxd1 c5 23. e6 fxe6 24. fxe6 Qd8 25. Ndb5 Bxe6 26. Nc7 Bd6 27. Nxe8 Bxf4+ 28. Kh1 Qxe8 29. Bh3 Qxh5 0-1

[Event "Titled Tuesday intern op 30th May Late"]
[Site "Chess.com INT"]
[Date "2023.05.30"]
[Round "1"]
[White "Sieciechowicz, Marcin"]
[Black "Argandona Riveiro, Inigo"]
[Result "1-0"]
[WhiteElo "2387"]
[BlackElo "2344"]
[PlyCount "103"]
[EventDate "2023.05.30"]
[EventType "swiss (blitz)"]
[EventRounds "11"]
[EventCountry "USA"]
[SourceTitle "CBM 214 Extra"]
[Source "ChessBase"]
[SourceDate "2023.07.31"]
[SourceVersion "1"]
[SourceVersionDate "2023.07.31"]
[SourceQuality "1"]

1. d4 d6 2. Nf3 Nf6 3. c4 Nbd7 4. Nc3 e5 5. e4 Be7 6. Be2 0-0 7. 0-0 Re8 8. Re1 exd4 9. Nxd4 Bf8 10. f3 a5 11. Kh1 c6 12. Nc2 Nc5 13. Be3 Ne6 14. Qd2 Nh5 15. Rad1 Qh4 16. Kg1 Nef4 17. Bf1 g6 18. Qf2 Qxf2+ 19. Kxf2 a4 20. b3 axb3 21. axb3 Bg7 22. Na4 d5 23. cxd5 cxd5 24. exd5 Bf5 25. Nd4 Bd7 26. Nb5 Bxb5 27. Bxb5 Red8 28. Nb6 Ra2+ 29. Rd2 Rxd2+ 30. Bxd2 Bd4+ 31. Be3 Bxe3+ 32. Rxe3 Nxd5 33. Rd3 Nhf4 34. Rd4 Rd6 35. Nc4 Rf6 36. Nd2 Kg7 37. Bc4 Nb6 38. Ne4 Rc6 39. Bf1 Ne6 40. Rd2 Rc1 41. Nd6 Nd7 42. Nxb7 Ndc5 43. Nxc5 Nxc5 44. Bc4 Rb1 45. Rd5 Rb2+ 46. Kg3 h5 47. Rxc5 h4+ 48. Kh3 Rc2 49. Rc7 Kh6 50. Rxf7 g5 51. Rf6+ Kh5 52. Bf7# 1-0

[Event "Titled Tuesday intern op 09th May Late"]
[Site "Chess.com INT"]
[Date "2023.05.09"]
[Round "2"]
[White "Klukin, Kirill"]
[Black "Argandona Riveiro, Inigo"]
[Result "1-0"]
[WhiteElo "2390"]
[BlackElo "2344"]
[PlyCount "111"]
[EventDate "2023.05.09"]
[EventType "swiss (blitz)"]
[EventRounds "11"]
[EventCountry "USA"]
[SourceTitle "CBM 214 Extra"]
[Source "ChessBase"]
[SourceDate "2023.07.31"]
[SourceVersion "1"]
[SourceVersionDate "2023.07.31"]
[SourceQuality "1"]

1. f4 d6 2. Nf3 Nf6 3. g3 h5 4. Bg2 h4 5. Nxh4 e5 6. fxe5 dxe5 7. 0-0 Bc5+ 8. e3 Ng4 9. Nc3 Nc6 10. Bd5 Nf6 11. Qf3 Bg4 12. Bxf7+ Kd7 13. Qg2 Qe7 14. Bg6 Raf8 15. Bf5+ Bxf5 16. Rxf5 Qe6 17. d4 Nxd4 18. exd4 Bxd4+ 19. Kh1 Rxh4 20. gxh4 Qxf5 21. Bg5 Ng4 22. h3 Nf2+ 23. Kh2 e4 24. Ne2 Be5+ 25. Ng3 Qf3 26. Re1 Bd6 27. Be3 Nd1 28. Bg5 e3 29. Qxf3 Rxf3 30. Rg1 e2 31. Bd2 Rf1 32. Be1 Rxg1 33. Kxg1 Bxg3 34. Bxg3 Ne3 35. Kf2 Nxc2 36. Kxe2 Nd4+ 37. Kd3 Nf5 38. Bf2 Ne7 39. Ke4 Ke6 40. h5 a6 41. Bd4 Nf5 42. Bc3 c6 43. Kf4 b5 44. Kg5 Ng3 45. Bxg7 Ne4+ 46. Kg6 c5 47. h6 Nd6 48. h7 Nf7 49. h8Q Nxh8+ 50. Bxh8 c4 51. h4 b4 52. h5 a5 53. h6 a4 54. a3 c3 55. Bxc3 bxa3 56. bxa3 1-0